Operations Now (Record no. 1322)

MARC details
000 -LEADER
fixed length control field 00378nam a22001697a 4500
005 - DATE AND TIME OF LATEST TRANSACTION
control field 20260508122056.0
008 - FIXED-LENGTH DATA ELEMENTS--GENERAL INFORMATION
fixed length control field 160521b xxu||||| |||| 00| 0 eng d
020 ## - INTERNATIONAL STANDARD BOOK NUMBER
ISBN 978-0-07-066693-1
041 ## - LANGUAGE CODE
Language code of text/sound track or separate title eng
082 ## - DEWEY DECIMAL CLASSIFICATION NUMBER
Classification number 658.5
100 ## - MAIN ENTRY--AUTHOR NAME
Personal name Finch By Ron J.
245 ## - TITLE STATEMENT
Title Operations Now
260 ## - PUBLICATION, DISTRIBUTION, ETC. (IMPRINT)
Place of publication New Delhi
Name of publisher TMH,
300 ## - PHYSICAL DESCRIPTION
Number of Pages 769
650 ## - SUBJECT ADDED ENTRY--TOPICAL TERM
Topical Term Management
942 ## - ADDED ENTRY ELEMENTS (KOHA)
Koha item type Books
Holdings
Lost status Damaged status Collection code Home library Current library Shelving location Date acquired Cost, normal purchase price Full call number Accession Number Koha item type
    MANAGEMENT JRU Library JRU Library SHELF-76-G 21/05/2016 520.00 658.3 3819 Books